| 000 | 01941cam a22004817a 4500 | ||
|---|---|---|---|
| 003 | CHAP | ||
| 005 | 20220329140925.0 | ||
| 008 | 971013d1994 mx ab r 00110 spa d | ||
| 010 | _a59870 | ||
| 011 | _a60842 | ||
| 035 | _a65005 | ||
| 040 | _cCHAP | ||
| 082 | 0 | 4 |
_a633 _bI52 1994 v.7 |
| 110 | 2 |
_aInstituto de Investigación y Capacitación Agropecuaria, Acuícola y Forestal del Estado de México _959157 |
|
| 245 | 1 | 0 |
_aPaquetes tecnológicos : _bcoordinación regional VII Valle de Bravo _c/por Instituto de Investigación y Capacitación Agropecuaria, Acuícola y Forestal del Estado de México |
| 250 | _a6 ed. | ||
| 260 |
_a(Toluca, Méx.) : _bInstituto de Investigación y Capacitación Agropecuaria, y Forestal del Estado de México, _c1994. |
||
| 300 |
_a28 h. _b: ilus. |
||
| 590 |
_aBATCH-UPD _b10 _c20130110 _lUCH01 _h0353 |
||
| 590 |
_aBATCH-UPD _b10 _c20130110 _lUCH01 _h1947 |
||
| 590 |
_aBATCH-UPD _b10 _c20130410 _lUCH01 _h0027 |
||
| 590 |
_aBATCH-UPD _b10 _c20130410 _lUCH01 _h1613 |
||
| 590 |
_aBATCH-UPD _b10 _c20130914 _lUCH01 _h0433 |
||
| 590 |
_aBATCH-UPD _b10 _c20130914 _lUCH01 _h2054 |
||
| 590 |
_aCONVERSION _b10 _c20130109 _lUCH01 _h1332 |
||
| 650 | 1 | 4 |
_aAvena como forraje. _98556 |
| 650 | 1 | 4 |
_aAvena _zMéxico (Edo.). _98554 |
| 650 | 1 | 4 |
_aCultivos _xEnfermedades. _930262 |
| 650 | 1 | 4 |
_aCultivos _xPlagas. _930305 |
| 650 | 1 | 4 |
_aCultivos _zMéxico (Edo.). _930364 |
| 650 | 1 | 4 |
_aFrijol _zMéxico (Edo.). _943456 |
| 650 | 1 | 4 |
_aHaba _zMéxico (Edo.). _952130 |
| 650 | 1 | 4 |
_aMaíz _zMéxico (Edo.). _971099 |
| 650 | 1 | 4 |
_aPapa _zMéxico (Edo.). _985306 |
| 650 | 1 | 4 |
_aPastos forrajeros _zMéxico (Edo.). _986125 |
| 650 | 1 | 4 |
_aPastos _zMéxico (Edo.). _986093 |
| 650 | 1 | 4 |
_aPesticidas. _987536 |
| 650 | 1 | 4 |
_aTrigo _zMéxico (Edo.). _9115131 |
| 901 | _aBK | ||
| 942 | _cLIBRO | ||
| 949 |
_a633 I52 1994 v.7 _bBC _cC _d33724000570149 _eC _fc.2 _h90275 _i65005 _si |
||
| 949 |
_a633 I52 1994 v.7 _bBC _cC _d33724000830766 _eC _h90274 _i65005 _sb |
||
| 999 |
_c59870 _d59870 |
||